| 000 | 01362cam a22002771i 4500 | ||
|---|---|---|---|
| 003 | SA-RiAUC | ||
| 005 | 20250510165121.0 | ||
| 008 | 250510s2019 mr g 000 0 ara c | ||
| 040 |
_aSA-JeALM _bara _cSA-RiAUC _erda |
||
| 082 | 0 | 4 |
_a808.02 _qSA-RiAUC |
| 090 |
_a808.02 _bج ل ا |
||
| 100 | 1 |
_aالجلال السيوطي، عبد الرحمن بن أبي بكر بن محمد، _d849-911 هجري _eمؤلف. |
|
| 245 | 1 | 2 |
_aالتعريف بآداب التأليف / _cجلال الدين عبد الرحمن بن أبي بكر السيوطي ؛ تقديم أبو الأشبال أحمد شاغف : تحقيق حمد أحمد العصلاني. |
| 250 | _aالطبعة الأولى. | ||
| 264 | 1 |
_aجدة، السعودية : _bدار عوائد الخير, _c2013 |
|
| 300 | _eصفحة | ||
| 336 |
_aنص _btxt _2rdacontent _3كتاب |
||
| 337 |
_aبدون وسيط _bn _2rdamedia |
||
| 338 |
_aمجلد _bnc _2rdacarrier |
||
| 650 | 7 |
_aالتأليف _2aucsh |
|
| 700 | 1 | 2 |
_iتحقيق لـ (عمل) : _aالجلال السيوطي، عبد الرحمن بن أبي بكر بن محمد، _d849-911 هجري. _tالتعريف بآداب التأليف. |
| 700 | 1 |
_aشاغف, أبو الأشبال أحمد. _eمقدم. |
|
| 700 |
_aالعصلاني, حمد أحمد. _eمحقيق. |
||
| 942 |
_2ddc _cBOOK _n0 |
||
| 949 |
_aSA-JeALM _d250510 _umohamedma123 _n1 |
||
| 999 |
_c7772 _d7772 |
||